Normal view
MARC view
- البحث العلمي - العالم العربي
Entry Topical Term
001 - CONTROL NUMBER
- control field: 58362
003 - CONTROL NUMBER IDENTIFIER
- control field: JO-AjAnu
005 - DATE AND TIME OF LATEST TRANSACTION
- control field: 20230606083542.0
008 - FIXED-LENGTH DATA ELEMENTS
- fixed length control field: 230606|| aca||aabn | a|a d
040 ## - CATALOGING SOURCE
- Original cataloging agency: JO-AjAnu
- Transcribing agency: JO-AjAnu
150 ## - HEADING--TOPICAL TERM
- Topical term or geographic name entry element: البحث العلمي - العالم العربي
670 ## - SOURCE DATA FOUND
- Source citation: Work cat.: (JO-AjAnu)29772: مؤسسة الفكر العربي, author 58361, الإبتكار أو الإندثار البحث العلمي العربي: واقعه وتحدياته وآفاقه؛ التقرير العربي العاشر للتنمية الثقافية